000 00801nam a22001817a 4500
003 UA-OsUOA
001 12539
007 ta
008 20050517b un ||||| |||| 00| 0 ukr d
100 _aГощук Ф.
942 _cSA
040 _aUA-OsUOA
_cUA-OsUOA
_dUA-OsUOA
245 _a"Піснями я живу і мрію"
_b[Розмова з Засл. працівником культури України Федором Гощуком. З його ім'ям пов'яз. розвиток худож. самодіяльності у Березнів. р-ні]/Розмовляла Н. Курята
300 _aС.4
955 _a0
773 0 _w0
_tВісті Рівненщини
_dРівне
_d2005
_g№34/6 трав./
650 7 _aХудожня самодіяльністть
_2UDC
999 _c298700
_d298700